The Walking Dead - Personnage de la Saison 3 - Statistiques

Statistiques générales
  • Ce quiz a été pris 756 fois
  • Le résultat moyen est 17 sur 26
Statistiques - réponses
Personnage % Correct
1 Rick
100%
6 Carl
98%
4 Daryl
98%
7 Maggie
98%
2 Lori
94%
5 Glenn
93%
10 Le Gouverneur
93%
3 Andrea
92%
12 Hershel
92%
11 Carol
91%
13 Beth
90%
8 Michonne
89%
9 Merle
83%
25 T-Dog
78%
22 Sasha
68%
17 Judith
67%
21 Tyreese
62%
18 Axel
36%
19 Oscar
32%
14 Martinez
26%
24 Karen
18%
15 Milton Mamet
17%
23 Ben
16%
20 Allen
14%
16 Shumpert
9%
26 Morgane
7%
Aucun quiz correspondant
Distribution des résultats
% des personnes avec chaque résultat
Percentile par nombre de réponses
Votre historique - résultats
Vous n’avez pas pris ce quiz